000 004300000a22001570004500
020 _a958-614-734-7
041 0 _aSPA
082 0 4 _aG 863 C3551i
100 1 _aCastro Caycedo, Germán
245 1 0 _aEL hueco : La entrada ilegal de colombianos a Estados Unidos por México, Bahamas y Haití / Germán Castro Caycedo
250 _a16
260 _aBogotá, Colombia : Planeta
300 _a342 Pag
001 11340
942 _cBK
999 _c40676
_d40676